[Event "4NCL/Div3/GUI3 vs. BRI2"]
[Site "West Bromwich ENG"]
[Date "2003.11.22"]
[Round "1.6"]
[White "Djabri, Kathy"]
[Black "Campbell, Mark"]
[Result "1-0"]
[WhiteElo "2042"]
[BlackElo "1904"]
[PlyCount "101"]
[EventDate "2003.11.22"]

1. e4 c5 2. c3 Nf6 3. e5 Nd5 4. d4 cxd4 5. cxd4 e6 6. Nf3 b6 7. Bc4 Bb7 8. O-O
Qc7 9. Bxd5 Bxd5 10. Nc3 Qb7 11. Bf4 Be7 12. Rc1 O-O 13. Nxd5 Qxd5 14. a3 Nc6
15. Qd3 f5 16. Rfd1 h6 17. h4 Rfd8 18. Qc4 Qxc4 19. Rxc4 Na5 20. Rc7 Rac8 21.
Rdc1 Rxc7 22. Rxc7 Nc6 23. d5 exd5 24. e6 Kf8 25. exd7 Nb8 26. Nd4 Kf7 27. Rxa7
Nxd7 28. Bc7 Re8 29. Nxf5 Kf6 30. Nxe7 Kxe7 31. Bxb6 Ke6 32. Bd4 Re7 33. g4 Rf7
34. Ra6+ Ke7 35. Rg6 Nf6 36. f3 h5 37. g5 Ne8 38. Bc5+ Kd8 39. Kg2 Nc7 40. Rd6+
Kc8 41. Bb6 Kb7 42. Bxc7 Kxc7 43. Rxd5 Kc6 44. Rd2 Rf4 45. Kg3 Ra4 46. f4 g6
47. Kf3 Kc7 48. Rd3 Ra6 49. b4 Kc6 50. f5 gxf5 51. Kf4 1-0

[Event "4NCL/Div3/GUI3 vs. BRI2"]
[Site "West Bromwich ENG"]
[Date "2003.11.22"]
[Round "1.7"]
[White "du Toit, Reenen"]
[Black "Humphreys, Jerry"]
[Result "0-1"]
[WhiteElo "1808"]
[BlackElo "2073"]
[PlyCount "90"]
[EventDate "2003.11.22"]

1. d4 Nf6 2. c4 g6 3. Nc3 d5 4. Bf4 Bg7 5. e3 O-O 6. Nf3 c5 7. dxc5 Qa5 8. Nd4
Ne4 9. Rc1 Nxc3 10. Rxc3 e5 11. Nb3 Qxa2 12. Nc1 Qxb2 13. Rb3 Qa1 14. Bg3 d4
15. exd4 Bh6 16. Nd3 Qa5+ 17. Nb4 Nc6 18. Qb1 Bf5 19. Qa2 Qxa2 20. Nxa2 Nxd4
21. Rxb7 Rfd8 22. Nb4 Nc2+ 23. Nxc2 Bxc2 24. Be2 Be4 25. Bf3 Bxf3 26. gxf3 Rdc8
27. Rb4 Rxc5 28. Ra4 a5 29. O-O f5 30. h3 f4 31. Bh2 Bg5 32. Rd1 Kf8 33. Rd7
Be7 34. Kg2 Ke8 35. Rd1 Rb8 36. Rd3 Rb4 37. Rda3 Bd8 38. Rxb4 axb4 39. Ra7 Be7
40. Rb7 Rxc4 41. Rb5 Bd6 42. Kf1 Rc1+ 43. Kg2 Kd7 44. Rb7+ Kc6 45. Rxh7 b3 0-1

[Event "4NCL/Div3/GUI3 vs. BRI2"]
[Site "West Bromwich ENG"]
[Date "2003.11.22"]
[Round "1.8"]
[White "Macarthur, James"]
[Black "Morris, Claire H"]
[Result "0-1"]
[WhiteElo "1600"]
[BlackElo "1616"]
[PlyCount "64"]
[EventDate "2003.11.22"]

1. d4 Nf6 2. Nf3 g6 3. c3 Bg7 4. Nbd2 d6 5. e4 O-O 6. Bd3 Nc6 7. d5 Nb8 8. Qb3
Nbd7 9. Bc2 Ng4 10. h3 Nge5 11. Nxe5 Bxe5 12. Nf3 Bg7 13. Be3 Re8 14. O-O-O c6
15. dxc6 bxc6 16. Ng5 Rf8 17. f4 Qa5 18. Qa4 Qxa4 19. Bxa4 c5 20. Bxd7 Bxd7 21.
Bxc5 Ba4 22. b3 dxc5 23. bxa4 Bxc3 24. Kc2 Bg7 25. Rd7 Rfe8 26. Rb1 h6 27. Nf3
Rab8 28. Rb3 c4 29. Rxb8 Rxb8 30. e5 a6 31. Rd5 e6 32. Nd4 exd5 0-1

[Event "4NCL/Div3/ATH vs. GUI3"]
[Site "West Bromwich ENG"]
[Date "2003.11.23"]
[Round "2.1"]
[White "Wismayer, Clive R"]
[Black "Briscoe, Christopher"]
[Result "1/2-1/2"]
[WhiteElo "2136"]
[BlackElo "2192"]
[PlyCount "59"]
[EventDate "2003.11.23"]

1. e4 Nc6 2. Nf3 e5 3. Nc3 Nf6 4. Bb5 Nd4 5. Nxd4 exd4 6. e5 dxc3 7. exf6 Qxf6
8. dxc3 Bc5 9. Qe2+ Qe6 10. O-O O-O 11. Qh5 Bb6 12. Bd3 g6 {=} 13. Qh6 d5 14.
Bd2 Bd7 15. Rae1 Qf6 16. Bg5 Qg7 17. Qh4 Rfe8 18. Bf6 Qf8 19. Re5 Rxe5 20. Bxe5
f5 21. Qf4 c6 22. c4 Re8 23. h4 dxc4 24. Bxc4+ Be6 25. Bxe6+ Rxe6 26. Rd1 Qe8
27. Bc3 Re4 28. Qg5 Qe7 29. Qg3 Bc7 30. Qg5 1/2-1/2

[Event "4NCL/Div3/ATH vs. GUI3"]
[Site "West Bromwich ENG"]
[Date "2003.11.23"]
[Round "2.2"]
[White "Norman, Kenneth I"]
[Black "Quinn, John M"]
[Result "0-1"]
[WhiteElo "2155"]
[BlackElo "2167"]
[PlyCount "72"]
[EventDate "2003.11.23"]

1. Nf3 Nf6 2. c4 c5 3. g3 e6 4. Bg2 d5 5. cxd5 exd5 6. d4 Nc6 7. O-O Bg4 8. Ne5
Be6 9. Nxc6 bxc6 10. dxc5 Bxc5 11. Nc3 O-O 12. Na4 Bd6 13. Be3 Qe7 14. Rc1 Rfc8
15. Bc5 Rab8 16. Qd4 Bxc5 17. Nxc5 Bg4 18. e3 a5 19. b3 h5 20. h3 Bf5 21. Rc3
Rb4 22. Qd2 h4 23. g4 Bxg4 24. hxg4 Rxg4 25. f3 Rg3 26. Kh2 Qd6 27. f4 Ng4+ 28.
Kh1 h3 29. Bf3 Qg6 30. Rcc1 Re8 31. Rce1 h2 32. Bxg4 Qxg4 33. Qf2 g6 34. Nd3
Kg7 35. Ne5 Rg1+ 36. Kxh2 Rh8+ 0-1

[Event "4NCL/Div3/ATH vs. GUI3"]
[Site "West Bromwich ENG"]
[Date "2003.11.23"]
[Round "2.3"]
[White "Stevenson, James A B"]
[Black "Taylor, Mark V"]
[Result "1-0"]
[WhiteElo "2113"]
[BlackElo "2133"]
[PlyCount "63"]
[EventDate "2003.11.23"]

1. b3 d6 2. Bb2 e5 3. e3 g6 4. d4 Nd7 5. Nf3 Bg7 6. c4 Ngf6 7. dxe5 Ng4 8. Be2
O-O 9. Nc3 Ndxe5 10. Nxe5 Nxe5 11. O-O Qh4 12. Qd2 Be6 13. Rad1 Rfd8 14. f4 Nd7
15. Bf3 c6 16. Qe2 Qe7 17. e4 Nf6 18. g4 h6 19. Rfe1 Qc7 20. Kg2 Re8 21. h3
Rad8 22. Qf2 b6 23. Rd2 g5 24. f5 Bc8 25. Red1 Bb7 26. Qg3 Qe7 27. Rxd6 Rxd6
28. Qxd6 Qxd6 29. Rxd6 c5 30. e5 Bxf3+ 31. Kxf3 Rxe5 32. Nb5 1-0

[Event "4NCL/Div3/ATH vs. GUI3"]
[Site "West Bromwich ENG"]
[Date "2003.11.23"]
[Round "2.4"]
[White "Stimpson, Philip M"]
[Black "McKeown, Paul"]
[Result "0-1"]
[WhiteElo "2123"]
[BlackElo "2050"]
[PlyCount "65"]
[EventDate "2003.11.23"]

1. e4 Nf6 2. Nc3 e5 3. Nf3 Nc6 4. Bb5 Nd4 5. Bc4 c6 6. O-O b5 7. Bb3 Nxb3 8.
axb3 b4 9. Na4 d6 10. d3 Be7 11. h3 O-O 12. Be3 c5 13. Nd2 Nd7 14. f4 f5 15.
exf5 Rxf5 16. Ne4 Bb7 17. Qg4 Bxe4 18. dxe4 Rf6 19. f5 Rb8 20. Qe2 Rf8 21. Rad1
Qc7 22. Qc4+ Kh8 23. Rf3 Qc6 24. g4 Rbe8 25. g5 Bd8 26. h4 Nb8 27. Bf2 g6 28.
f6 Qd7 29. Rg3 Qe6 30. Qxe6 Rxe6 31. Nxc5 dxc5 32. Bxc5 Bb6 33. Bxb6 0-1

[Event "4NCL/Div3/ATH vs. GUI3"]
[Site "West Bromwich ENG"]
[Date "2003.11.23"]
[Round "2.5"]
[White "Pedersen, Carsten"]
[Black "Shepley, Julien M"]
[Result "1-0"]
[WhiteElo "2040"]
[BlackElo "2112"]
[PlyCount "87"]
[EventDate "2003.11.23"]

1. e4 d5 2. exd5 Qxd5 3. Nc3 Qa5 4. Bc4 c6 5. Nf3 Bf5 6. d4 e6 7. Qe2 Bb4 8.
Bd2 Nd7 9. O-O-O Ngf6 10. a3 Bxc3 11. Bxc3 Qc7 12. Ne5 Nd5 13. Bxd5 cxd5 14. g4
Bg6 15. h4 Nxe5 16. dxe5 h6 17. f4 Be4 18. Rhf1 Rc8 19. Qb5+ Qc6 20. Qb4 Rc7
21. f5 exf5 22. gxf5 Qc5 23. Qxc5 Rxc5 24. Rf2 a5 25. Rg1 Rg8 26. f6 g5 27. Bd4
Rc4 28. c3 g4 29. e6 g3 30. Rf4 g2 31. Kd2 a4 32. e7 h5 33. Ke2 Rg6 34. Kf2 Kd7
35. Re1 Rc8 36. Kg1 Rcg8 37. Bf2 Rg4 38. Rxg4 Rxg4 39. c4 Rg8 40. cxd5 Bxd5 41.
Re5 Bf3 42. Rf5 Be2 43. Rd5+ Kc8 44. Re5 1-0

[Event "4NCL/Div3/ATH vs. GUI3"]
[Site "West Bromwich ENG"]
[Date "2003.11.23"]
[Round "2.6"]
[White "Hill, David F"]
[Black "Gruettner, Ralf"]
[Result "1-0"]
[WhiteElo "2049"]
[BlackElo "2073"]
[PlyCount "103"]
[EventDate "2003.11.23"]

1. Nf3 Nf6 2. c4 g6 3. Nc3 Bg7 4. g3 O-O 5. Bg2 d6 6. O-O c6 7. d3 Nbd7 8. Bg5
h6 9. Bd2 e5 10. Ne1 Re8 11. Qc1 Kh7 12. e4 Nf8 13. Nc2 g5 14. f3 Ng6 15. Ne3
Be6 16. Nf5 Bxf5 17. exf5 Ne7 18. Re1 Nxf5 19. Ne4 Nxe4 20. fxe4 Nd4 21. Be3
Qd7 22. Qd1 Kh8 23. Rf1 Ne6 24. Qh5 Kg8 25. Bh3 Qe7 26. Rf2 f6 27. Bf5 Nf8 28.
h4 Qf7 29. Qf3 Qc7 30. Raf1 Re7 31. Qh5 Qd8 32. hxg5 fxg5 33. Bg6 Nxg6 34. Qxg6
Qe8 35. Qxd6 Rd8 36. Qa3 b6 37. c5 b5 38. Qb3+ Kh8 39. Bxg5 hxg5 40. Rh2+ Bh6
41. Rxh6+ Rh7 42. Rxh7+ Kxh7 43. Rf5 Kg6 44. g4 Rd4 45. Qd1 Qd8 46. Qb3 Qe8 47.
Qc2 Qd7 48. Qh2 Rxd3 49. Qh5+ Kg7 50. Qxg5+ Kh7 51. Qh5+ Kg7 52. Rg5+ 1-0

[Event "4NCL/Div3/ATH vs. GUI3"]
[Site "West Bromwich ENG"]
[Date "2003.11.23"]
[Round "2.7"]
[White "Gostelow, David W"]
[Black "Campbell, Mark"]
[Result "1-0"]
[WhiteElo "1976"]
[BlackElo "1904"]
[PlyCount "61"]
[EventDate "2003.11.23"]

1. d4 Nf6 2. Nf3 e6 3. Bf4 d5 4. Nbd2 b6 5. e3 Bb7 6. Ne5 Bd6 7. Bd3 O-O 8. Qf3
c5 9. c3 cxd4 10. exd4 Qc7 11. O-O Nc6 12. Rfe1 Ne7 13. Bg5 Ne8 14. Qh3 Ng6 15.
Re3 Be7 16. Nxg6 hxg6 17. Bxg6 fxg6 18. Qxe6+ Rf7 19. Bxe7 Nf6 20. Bxf6 gxf6
21. Rae1 Kg7 22. Rg3 Qf4 23. Qe3 Qd6 24. Qd3 f5 25. Nf3 Rf6 26. Ne5 Rh8 27. Rh3
Re8 28. Qg3 Qf8 29. Qh4 Qh8 30. Qg5 Rxe5 31. dxe5 1-0

[Event "4NCL/Div3/BRI2 vs. SLO2"]
[Site "West Bromwich ENG"]
[Date "2003.11.23"]
[Round "2.1"]
[White "Easton, Alex"]
[Black "Lutton, J Ezra"]
[Result "1-0"]
[WhiteElo "2091"]
[BlackElo "2138"]
[PlyCount "143"]
[EventDate "2003.11.23"]

1. Nf3 Nc6 2. d4 d6 3. c4 g6 4. e4 Bg7 5. Be2 Nf6 6. Nc3 O-O 7. O-O e5 8. d5
Ne7 9. Nd2 Nd7 10. b4 a5 11. Ba3 axb4 12. Bxb4 f5 13. a4 f4 14. Bg4 h5 15. Be6+
Kh7 16. a5 Ra6 17. h3 Nf6 18. Bxc8 Qxc8 19. c5 g5 20. cxd6 cxd6 21. Rc1 Qd7 22.
Qa4 Qd8 23. Qb5 Qb8 24. Na4 Nc8 25. Rc3 Na7 26. Qe2 Qd8 27. Nb6 Kh6 28. Rfc1
Rf7 29. Nc8 Nxc8 30. Rxc8 Qd7 31. Qc4 Ne8 32. Rb8 Nf6 33. Rc8 Ne8 34. Rb8 Nf6
35. Nf3 Kg6 36. h4 Bh6 37. hxg5 Bxg5 38. Be1 h4 39. Nxg5 Kxg5 40. f3 h3 41. Qc8
hxg2 42. Qxd7 Rxd7 43. Rc2 Kg6 44. Rxg2+ Kf7 45. Rb2 Ra7 46. Rb5 Kg6 47. Bb4
Kf7 48. Kf1 Nh7 49. Ke2 Ng5 50. Rb6 Ke7 51. Rg8 Nf7 52. Rg6 Ra6 53. Rb5 Rc7 54.
Kd3 Kd7 55. Rg7 Ke7 56. Rg8 Nd8 57. Be1 Rc8 58. Bh4+ Kd7 59. Bxd8 Rxd8 60. Rg7+
Ke8 61. Rbxb7 Kf8 62. Rh7 Kg8 63. Rbg7+ Kf8 64. Rg1 Rda8 65. Rh8+ Kf7 66. Rxa8
Rxa8 67. Ra1 Rc8 68. a6 Ke7 69. a7 Ra8 70. Kc4 Kd8 71. Kb5 Kc7 72. Ka6 1-0

[Event "4NCL/Div3/BRI2 vs. SLO2"]
[Site "West Bromwich ENG"]
[Date "2003.11.23"]
[Round "2.2"]
[White "Williams, Samuel G"]
[Black "Chaplin, Peter"]
[Result "1-0"]
[WhiteElo "2179"]
[BlackElo "2072"]
[PlyCount "55"]
[EventDate "2003.11.23"]

1. e4 d5 2. exd5 Qxd5 3. Nc3 Qe5+ 4. Be2 c6 5. d4 Qc7 6. Nf3 Bf5 7. d5 Nf6 8.
Qd4 Nxd5 9. Nxd5 cxd5 10. Bf4 Qa5+ 11. b4 Qb6 12. Bxb8 Rxb8 13. Qe5 Rc8 14.
Qxf5 e6 15. Qd3 Bxb4+ 16. Kf1 a6 17. Rb1 Qd6 18. Qb3 Bc5 19. Qxb7 O-O 20. Qxa6
Rc6 21. Qa4 e5 22. g3 Qf6 23. c3 Qf5 24. Qxc6 e4 25. Qxc5 exf3 26. Bxf3 Qxf3
27. Rg1 Re8 28. Qe3 1-0

[Event "4NCL/Div3/BRI2 vs. SLO2"]
[Site "West Bromwich ENG"]
[Date "2003.11.23"]
[Round "2.3"]
[White "White, Michael"]
[Black "Richmond, Robert J"]
[Result "1-0"]
[WhiteElo "2068"]
[BlackElo "2207"]
[PlyCount "47"]
[EventDate "2003.11.23"]

1. e4 e5 2. Nf3 d6 3. d4 Nf6 4. dxe5 Nxe4 5. Qd5 Nc5 6. Bg5 Be7 7. exd6 Qxd6 8.
Nc3 c6 9. Qxd6 Bxd6 10. O-O-O Be7 11. Bc4 b5 12. Rhe1 f6 13. Be3 Nba6 14. Bxc5
Nxc5 15. Bb3 Bg4 16. Re3 Nxb3+ 17. axb3 Kf7 18. Rd4 Bc8 19. Ne4 Ba6 20. Rd7 Kf8
21. Neg5 Re8 22. Ne6+ Kf7 23. Nd8+ Kf8 24. Nxc6 1-0

[Event "4NCL/Div3/BRI2 vs. SLO2"]
[Site "West Bromwich ENG"]
[Date "2003.11.23"]
[Round "2.4"]
[White "Linford, Charles M"]
[Black "Stock, Toby"]
[Result "0-1"]
[WhiteElo "2179"]
[BlackElo "2048"]
[PlyCount "150"]
[EventDate "2003.11.23"]

1. e4 c5 2. Nf3 a6 3. c3 Nf6 4. e5 Nd5 5. d4 cxd4 6. Bc4 Nb6 7. Bb3 e6 8. Nxd4
d6 9. exd6 Qxd6 10. O-O Nc6 11. Nxc6 bxc6 12. Qg4 e5 13. Qf3 Be6 14. Nd2 Bxb3
15. axb3 Qd5 16. Re1 f6 17. Ne4 Be7 18. c4 Qe6 19. Be3 Nd7 20. Ng3 O-O 21. Nf5
Bb4 22. Qg4 Kf7 23. Qxg7+ Ke8 24. Qxh7 Kd8 25. Red1 Kc7 26. Bh6 Rg8 27. Rd3 Rh8
28. Qg6 e4 29. Rg3 Ne5 30. Nd4 Qd6 31. Qxe4 Rxh6 32. Nf5 Qd2 33. Nxh6 Qxh6 34.
Rd1 Qh5 35. f3 Re8 36. Qf4 Bc5+ 37. Kh1 Kb6 38. Qxf6 Nd3 39. h4 Nf2+ 40. Kh2
Nxd1 41. b4 Bf2 42. Rg4 Qe5+ 43. Qxe5 Rxe5 44. f4 Re4 45. b3 a5 46. bxa5+ Kxa5
47. g3 Bd4 48. Rg6 c5 49. h5 Re2+ 50. Kh3 Nf2+ 51. Kh4 Ne4 52. h6 Kb4 53. Rb6+
Kc3 54. Kg4 Re3 55. h7 Rxg3+ 56. Kf5 Nd2 57. Rh6 Kxb3 58. Ke6 Bh8 59. Kd5 Nxc4
60. Kxc5 Ne3 61. Rb6+ Kc3 62. Ra6 Bd4+ 63. Kb5 Rh3 64. Ra3+ Kd2 65. Kc6 Rxh7
66. Ra2+ Kd3 67. Kd6 Ke4 68. Ra4 Rf7 69. Ke6 Rxf4 70. Kd7 Rf6 71. Rb4 Ke5 72.
Rb1 Kd5 73. Rb4 Rf7+ 74. Ke8 Ra7 75. Kf8 Bc5+ 0-1

[Event "4NCL/Div3/BRI2 vs. SLO2"]
[Site "West Bromwich ENG"]
[Date "2003.11.23"]
[Round "2.5"]
[White "Boyce, G Michael"]
[Black "Payne, Nick"]
[Result "1/2-1/2"]
[WhiteElo "2000"]
[BlackElo "2088"]
[PlyCount "46"]
[EventDate "2003.11.23"]

1. Nf3 Nf6 2. c4 g6 3. d4 Bg7 4. g3 O-O 5. Bg2 d5 6. cxd5 Nxd5 7. O-O c6 8. e4
Nb6 9. Nc3 Bg4 10. Be3 Qd7 11. d5 Nc4 12. Bc1 e6 13. h3 Bxf3 14. Bxf3 Na6 15.
Qb3 cxd5 16. exd5 Ne5 17. Bg2 Nc5 18. Qc2 Rac8 19. Be3 b6 20. Rad1 Nc4 21. Bc1
Qe7 22. Qe2 Ne5 {=} 23. Bf4 exd5 1/2-1/2

[Event "4NCL/Div3/BRI2 vs. SLO2"]
[Site "West Bromwich ENG"]
[Date "2003.11.23"]
[Round "2.6"]
[White "de Coverly, Roger"]
[Black "Djabri, Kathy"]
[Result "1-0"]
[WhiteElo "2093"]
[BlackElo "2042"]
[PlyCount "131"]
[EventDate "2003.11.23"]

1. e4 c5 2. Nf3 Nc6 3. Bb5 e6 4. Bxc6 bxc6 5. O-O d5 6. d3 Be7 7. Nc3 Nf6 8.
Ne5 Qc7 9. f4 Ba6 10. Re1 Rd8 11. Qf3 O-O 12. a3 Bd6 13. Bd2 d4 14. Ne2 Bxe5
15. fxe5 Qxe5 16. Bf4 Qh5 17. b4 Qxf3 18. gxf3 Nh5 19. bxc5 Nxf4 20. Nxf4 e5
21. Ne2 Rb8 22. Rab1 Bb5 23. Rb2 Rb7 {=} 24. a4 Ba6 25. Rxb7 Bxb7 26. Rb1 Ba6
27. Nc1 f6 28. Rb4 Kf7 29. Nb3 Ke6 30. Na5 Kd7 31. Kf2 Kc7 32. Ke2 Rg8 33. f4
g5 34. fxe5 fxe5 35. Rb1 Rf8 36. Rg1 h6 37. h4 Rg8 38. hxg5 hxg5 39. Rf1 Rg7
40. Rf8 Bc8 41. Kf2 Bg4 42. Ra8 Rg6 43. Rxa7+ Kc8 44. Nc4 Bd1 45. Nd6+ Kd8 46.
Nf7+ Kc8 47. Nxe5 Re6 48. Nc4 Bxc2 49. Ke2 Kb8 50. Ra6 Rh6 51. Ne5 Kb7 52. Rb6+
Kc7 53. a5 Rh2+ 54. Kf3 Bd1+ 55. Kg3 Ra2 56. Rxc6+ Kb7 57. Rb6+ Kc7 58. a6 Ra3
59. Rg6 Be2 60. Rg7+ Kb8 61. a7+ Ka8 62. c6 Bxd3 63. Nxd3 Rxd3+ 64. Kg4 Rc3 65.
c7 d3 66. Rg8+ 1-0

[Event "4NCL/Div3/BRI2 vs. SLO2"]
[Site "West Bromwich ENG"]
[Date "2003.11.23"]
[Round "2.7"]
[White "Humphreys, Jerry"]
[Black "Payne, Oliver R"]
[Result "1-0"]
[WhiteElo "2073"]
[BlackElo "2033"]
[PlyCount "149"]
[EventDate "2003.11.23"]

1. e4 e6 2. d4 d5 3. Nd2 Nf6 4. e5 Nfd7 5. Bd3 c5 6. c3 Nc6 7. Ne2 Qb6 8. Nf3
cxd4 9. cxd4 Bb4+ 10. Bd2 Bxd2+ 11. Qxd2 Qb4 12. O-O Qxd2 13. Nxd2 Nb6 14. Rac1
Bd7 15. f4 f6 16. a3 Ke7 17. Nb3 Na4 18. Rc2 a6 19. Nc5 Nxc5 20. Rxc5 Rac8 21.
b4 a5 22. Rb5 axb4 23. axb4 Rb8 24. Rb6 Kd8 25. f5 fxe5 26. fxe6 Kc7 27. Rb5
Bxe6 28. dxe5 Nxe5 29. Nf4 Bf7 30. Nxd5+ Bxd5 31. Rxd5 Nxd3 32. Rf7+ Kc6 33.
Rxd3 Kb5 34. Rdd7 Kxb4 35. Rxb7+ Rxb7 36. Rxb7+ Kc5 37. Rxg7 Kd4 {=} 38. Re7
Kd5 39. Kf2 Kd6 40. Re3 Rf8+ 41. Kg3 Rg8+ 42. Kh3 Rg5 43. Re2 Rh5+ 44. Kg3 Rc5
45. Kh4 h5 46. Re8 Kd7 47. Rg8 Ke7 48. Rg5 Rc2 49. Kxh5 Kf6 50. h4 Rc8 51. Rg6+
Kf7 52. Ra6 Rc5+ 53. Kg4 Rc4+ 54. Kh3 Kg7 55. h5 Rc1 56. g4 Rh1+ 57. Kg3 Rg1+
58. Kh4 Rc1 59. h6+ Kh7 60. Kh5 Rc7 61. g5 Rc5 62. Ra7+ Kg8 63. Re7 Ra5 64. Kg6
Ra6+ 65. Kf5 Ra5+ 66. Kf6 Ra6+ 67. Re6 Ra8 68. g6 Kh8 69. Rd6 Rg8 70. Ke7 Ra8
71. Rd8+ Rxd8 72. Kxd8 Kg8 73. Ke7 Kh8 74. Kf6 Kg8 75. g7 1-0

[Event "4NCL/Div3/BRI2 vs. SLO2"]
[Site "West Bromwich ENG"]
[Date "2003.11.23"]
[Round "2.8"]
[White "Barraclough, Stephanie"]
[Black "Macarthur, James"]
[Result "0-1"]
[WhiteElo "1552"]
[BlackElo "1600"]
[PlyCount "128"]
[EventDate "2003.11.23"]

1. e4 c5 2. Nf3 e6 3. d3 Nc6 4. g3 g6 5. Bg2 Bg7 6. O-O Nge7 7. c3 b6 8. Re1
O-O 9. e5 Ba6 10. Bg5 Rc8 11. a3 h6 12. Bc1 Qc7 13. Qe2 Rfd8 14. Bf1 d6 15.
exd6 Qxd6 16. Rd1 c4 17. d4 Na5 18. Bf4 Qd5 19. Bg2 Bb7 20. Nh4 Qb5 21. Bxb7
Nxb7 22. Nf3 Qh5 23. Nbd2 b5 24. Re1 Nd5 25. Be3 Nd6 26. Nh4 Qxe2 27. Rxe2 g5
28. Nhf3 f5 29. Nf1 Rc7 30. Bd2 Re8 31. Ne3 Rce7 32. Rae1 Kf8 33. Ne5 Bxe5 34.
dxe5 Ne4 35. Nxd5 exd5 36. f4 gxf4 37. gxf4 Rg7+ 38. Kh1 Rg4 39. Bc1 Ke7 40.
Rg1 Reg8 41. Rxg4 Rxg4 42. Rg2 Rxg2 43. Kxg2 Nc5 44. Be3 Nd3 45. Kg3 Nxb2 46.
Kh4 Na4 47. Bd4 a5 48. Kh5 b4 49. axb4 axb4 50. cxb4 c3 51. b5 c2 52. Be3 d4
53. Bd2 Nb6 54. Kxh6 Nc4 55. b6 Nxb6 56. h4 Nc4 57. Bc1 d3 58. h5 d2 59. Bxd2
Nxd2 60. Kh7 Kf7 61. h6 c1=Q 62. e6+ Kxe6 63. Kh8 Qb2+ 64. Kg8 Kf6 0-1

[Event "4NCL/Div3/AD2 vs. FCA"]
[Site "West Bromwich ENG"]
[Date "2003.11.23"]
[Round "2.1"]
[White "Graham, David B"]
[Black "Macdonald-Ross, Michael"]
[Result "1/2-1/2"]
[WhiteElo "2237"]
[BlackElo "2216"]
[PlyCount "84"]
[EventDate "2003.11.23"]

1. e4 c6 2. d4 d5 3. e5 Bf5 4. Nc3 a6 5. Bd3 Bxd3 6. Qxd3 e6 7. Nge2 Nd7 8. O-O
c5 9. Qg3 Ne7 10. Bg5 Nf5 11. Qg4 Qc7 12. Nxd5 Qc6 13. Ne3 Nxd4 14. Nxd4 cxd4
15. Qxd4 Bc5 16. Qc3 O-O 17. Rad1 Bxe3 18. Qxe3 Nxe5 19. Qxe5 f6 20. Qd6 Qxd6
21. Rxd6 fxg5 22. Rxe6 Rac8 23. c3 Kf7 24. Rb6 Rc7 25. Rd1 Re8 26. h3 Re2 27.
Rd4 Ree7 28. Rd3 Re2 29. g3 Ree7 30. Rbd6 h6 31. Re3 Red7 32. Rxd7+ Rxd7 33.
Kf1 Rd1+ 34. Re1 Rd2 35. Re2 Rd1+ 36. Kg2 Rd3 37. c4 Rd4 38. b3 Rd3 39. Re3 Rd2
40. a3 Rc2 41. a4 Rc1 42. a5 Rc2 1/2-1/2

[Event "4NCL/Div3/AD2 vs. FCA"]
[Site "West Bromwich ENG"]
[Date "2003.11.23"]
[Round "2.2"]
[White "Smith, Graham M"]
[Black "Broom, Mark"]
[Result "0-1"]
[WhiteElo "2165"]
[BlackElo "2170"]
[PlyCount "64"]
[EventDate "2003.11.23"]

1. e4 c6 2. Ne2 d5 3. e5 d4 4. Ng3 Qd5 5. Qe2 Nd7 6. f4 g5 7. c4 Qe6 8. f5 Qxe5
9. d3 h6 10. Nd2 Ngf6 11. Nb3 Qxe2+ 12. Bxe2 c5 13. h3 Bg7 14. Bd2 b6 15. Bf3
Rb8 16. Ne4 Ne5 17. Nxf6+ Bxf6 18. Be4 Bb7 19. Bxb7 Rxb7 20. Ke2 e6 21. fxe6
Re7 22. exf7+ Kxf7 23. Bc1 Nxc4+ 24. Kd1 Ne5 25. Kc2 Nc6 26. Bd2 Re2 27. Raf1
Rxg2 28. Rf3 Nb4+ 29. Kd1 Nd5 30. Re1 Rd8 31. a4 Rd6 32. a5 Re6 0-1

[Event "4NCL/Div3/AD2 vs. FCA"]
[Site "West Bromwich ENG"]
[Date "2003.11.23"]
[Round "2.3"]
[White "Mangwengwende, John"]
[Black "Ioannides, Milton"]
[Result "1-0"]
[WhiteElo "2140"]
[BlackElo "2081"]
[PlyCount "97"]
[EventDate "2003.11.23"]

1. e4 c5 2. Nf3 d6 3. d4 cxd4 4. Nxd4 Nf6 5. Nc3 a6 6. Be2 e6 7. a4 Be7 8. O-O
O-O 9. Kh1 e5 10. Nb3 b6 11. f4 Bb7 12. Bf3 Nbd7 13. Qe1 Rc8 14. Qg3 Kh8 15.
Be3 Qe8 16. Rae1 Bd8 17. fxe5 dxe5 18. Qf2 Bc6 19. g4 Qe6 20. Rg1 Qc4 21. Nd2
Qb4 22. g5 Ne8 23. Rb1 Bxa4 24. Nd5 Qd6 25. b3 Bb5 26. c4 Bc6 27. b4 b5 28. c5
Qb8 29. Ra1 Qb7 30. h4 f5 31. Qg2 f4 32. Bf2 Nc7 33. Nb3 Nxd5 34. exd5 Bxd5 35.
Bxd5 f3 36. Bxb7 fxg2+ 37. Kxg2 Rb8 38. c6 Nb6 39. Rxa6 Nc4 40. Nc5 Rf7 41. Ne6
e4 42. Ba7 Bc7 43. Nxc7 Rd8 44. Rf1 Rxc7 45. Bb6 Nxb6 46. Rxb6 e3 47. Rxb5 e2
48. Re1 Re8 49. Ra5 1-0

[Event "4NCL/Div3/AD2 vs. FCA"]
[Site "West Bromwich ENG"]
[Date "2003.11.23"]
[Round "2.4"]
[White "Elwin, Adrian G"]
[Black "Westwood, Richard D"]
[Result "1-0"]
[WhiteElo "2066"]
[BlackElo "2048"]
[PlyCount "47"]
[EventDate "2003.11.23"]

1. Nf3 Nf6 2. c4 g6 3. Nc3 Bg7 4. e4 d6 5. d4 O-O 6. Be2 e5 7. dxe5 dxe5 8.
Qxd8 Rxd8 9. Bg5 Re8 10. O-O-O c6 11. Nxe5 Nxe4 12. Nxe4 Bxe5 13. f4 Bf5 14.
Ng3 Bc7 15. Nxf5 Rxe2 16. Nh6+ Kg7 17. Rhe1 Rxe1 18. Rxe1 Na6 19. Re7 Rf8 20.
Ng4 Rc8 21. Bh6+ Kh8 22. Rxf7 Kg8 23. Rg7+ Kh8 24. Rd7 1-0

[Event "4NCL/Div3/AD2 vs. FCA"]
[Site "West Bromwich ENG"]
[Date "2003.11.23"]
[Round "2.5"]
[White "Spanton, Timothy"]
[Black "Williamson, Kevin J"]
[Result "1/2-1/2"]
[WhiteElo "2024"]
[BlackElo "2069"]
[PlyCount "96"]
[EventDate "2003.11.23"]

1. c4 Nf6 2. Nc3 d6 3. g3 c6 4. Bg2 e5 5. d4 Qc7 6. e4 Be7 7. Nf3 Bg4 8. h3
Bxf3 9. Bxf3 O-O 10. O-O Nbd7 11. Be3 a6 12. Qe2 h6 13. Rad1 Rad8 14. Rd2 Nh7
15. h4 exd4 16. Bxd4 Bf6 17. Rfd1 Bxd4 18. Rxd4 Ne5 19. Bg2 f6 20. f4 Nf7 21.
Bh3 Rfe8 22. Bf5 Nf8 23. h5 Ne6 24. Bxe6 Rxe6 25. Qd2 Ree8 26. Nb1 c5 27. Rd3
Rxe4 28. b3 Re6 29. Nc3 Qa5 30. Nd5 Qxd2 31. R3xd2 Kf8 32. Kf2 Rc8 33. a4 a5
34. Ne3 Rc6 35. Nf5 Rb6 36. Rd3 Kg8 37. R1d2 Kh7 38. Nh4 Kg8 39. Nf5 Kh7 40.
Nh4 Rc6 41. Rd1 Rc7 42. R1d2 Rd7 43. Rd5 Rd8 44. R5d3 b6 45. g4 Rde8 46. Nf5
Rd8 47. Nh4 Re4 48. Kf3 Re6 1/2-1/2

[Event "4NCL/Div3/AD2 vs. FCA"]
[Site "West Bromwich ENG"]
[Date "2003.11.23"]
[Round "2.6"]
[White "Kendall, Paul S W"]
[Black "Beveridge, Nigel"]
[Result "1/2-1/2"]
[WhiteElo "1944"]
[BlackElo "2028"]
[PlyCount "108"]
[EventDate "2003.11.23"]

1. e4 e5 2. Nf3 Nc6 3. Bb5 a6 4. Ba4 Nf6 5. d4 exd4 6. O-O Be7 7. e5 Ne4 8. c3
d3 9. Qxd3 Nc5 10. Qd1 Nxa4 11. Qxa4 O-O 12. Bf4 d6 13. exd6 cxd6 14. Nbd2 Bf5
15. Nd4 Bd7 16. Qb3 Nxd4 17. cxd4 Bb5 18. Rfe1 d5 19. Rac1 Bd6 20. Qg3 Bxf4 21.
Qxf4 Bc6 22. Rc3 Rc8 23. Nb3 Qb6 24. h3 Rce8 25. Rxe8 Rxe8 26. Rf3 Re7 27. Qb8+
Re8 28. Qf4 Re7 29. Re3 Qd8 30. Nc5 Rxe3 31. fxe3 a5 32. Nd3 h6 33. Ne5 Be8 34.
Qf3 f6 35. Nd3 Bg6 36. Nc5 b6 37. Ne6 Qd6 38. Nf4 Be4 39. Qe2 Qc6 40. Qd2 Kf7
41. a3 Ke7 {=} 42. Ne2 Qc7 43. Nc3 Qc4 44. b4 Qb3 45. bxa5 bxa5 46. Qc1 Ke6 47.
Nxe4 dxe4 48. Qc6+ Kf7 49. Qd7+ Kf8 50. Qd6+ Kg8 51. Kf2 Qc2+ 52. Kg3 Qd3 53.
Qe6+ Kh7 54. Qf5+ Kg8 1/2-1/2

[Event "4NCL/Div3/AD2 vs. FCA"]
[Site "West Bromwich ENG"]
[Date "2003.11.23"]
[Round "2.7"]
[White "Pritchard, David"]
[Black "Mahony, Richard"]
[Result "0-1"]
[WhiteElo "1864"]
[BlackElo "1928"]
[PlyCount "96"]
[EventDate "2003.11.23"]

1. e4 e6 2. d4 d5 3. e5 c5 4. Qg4 Nc6 5. Nf3 cxd4 6. Bd3 Qc7 7. Qg3 Nge7 8. O-O
Ng6 9. Bf4 Nxf4 10. Qxf4 f6 11. Bb5 Bc5 12. Nbd2 O-O 13. Bxc6 bxc6 14. Nb3 fxe5
15. Qxe5 Bd6 16. Qxd4 e5 17. Qc3 e4 18. Nfd4 Bxh2+ 19. Kh1 Rf6 20. g3 Rh6 21.
Kg2 Qd7 22. f4 Qh3+ 23. Kf2 Rg6 24. Rg1 Bxg1+ 25. Rxg1 Bd7 26. Nc5 Re8 27. Qe3
Bg4 28. Nd3 Rf6 29. Nc5 Qh5 30. Ke1 Rh6 31. Kd2 Qf7 32. Kc1 Qe7 33. Ndb3 Rh2
34. Re1 Rh5 35. Nd3 Qc7 36. Ne5 Rhxe5 37. fxe5 Qxe5 38. Rf1 Qe7 39. a3 h6 40.
Kb1 Qc7 41. Kc1 Qe7 42. Kb1 Qc7 43. Kc1 Rf8 44. Rxf8+ Kxf8 45. Nc5 Kg8 46. c3
Qf7 47. Kd2 Qf1 48. Qe1 e3+ 0-1